MARC детайли
| 000 -Лидер |
| Контролно поле с фиксирана дължина |
02653nam a2200505 a 4500 |
| 003 - Код на организацията, давaща контролен номер |
| Контролно поле |
BLK |
| 005 - Дата и час на последна редакция |
| Контролно поле |
20240930162335.0 |
| 008 - Елементи от данни с фиксирана дължина |
| fixed length control field |
180408b bul|||||r ||||||| ||bul|| |
| 010 ## - Наследен системен номер |
| LC control number |
KNG00088302000 |
| 020 ## - Международен стандартен номер на книга ISBN |
| Международен стандартен номер на книга ISBN |
954-761-226-3 |
| 020 ## - Международен стандартен номер на книга ISBN |
| Международен стандартен номер на книга ISBN |
9789547612266 |
| 040 ## - Източник на каталожния запис |
| Идентификатор на билиотеката - собственик на записа |
BLK |
| 041 ## - Код за език |
| Код за езика на текст/звукозапис или на отделно заглавие |
Български |
| Код за езика КДБФ |
Български |
| 072 #7 - Код за тематичната категория |
| Код организация |
bullib |
| Код за тематична категория |
Л01 |
| Текст |
Заболявания |
| 080 ## - УДК |
| Текстов определител УДК |
Болести според телесната конструкция, състояние на здравето, предразположение, резистентност, конституция, склонности - десняци, леваци, изтощени от глад, кахексия, затлъстяване;инвалиди;болести причи |
| УДК код - определител по УДК |
616-056 |
| УДК определител |
.2(02.062) |
| УДК - код + определител |
616-056.2(02.062) |
| 080 ## - УДК |
| Текстов определител УДК |
Недохранване. Прехранване - Постене, диета, хранителен режим за отслабване, режим за напълняване. Вж и 615.874 |
| УДК код - определител по УДК |
613.24/.25 |
| УДК определител |
(02.062) |
| УДК - код + определител |
613.24/.25(02.062) |
| 080 ## - УДК |
| Текстов определител УДК |
Въздържание, умереност при храненето като лечебен фактор. Ограничителна диета. Вж и 613. 24/. 25 |
| УДК код - определител по УДК |
615.874.1 |
| УДК определител |
(02.062) |
| УДК - код + определител |
615.874.1(02.062) |
| 100 1# - Редна дума - Автор |
| Автор |
Маслън, Чери |
| Авторска отговорност |
първи автор |
| R(LIN) |
93997 |
| 139 ## - Редно поле |
| Редна дума |
Маслън, Чери и др. |
| Авторски знак |
Мас - М 37 |
| 245 10 - Сведения за заглавието |
| Заглавие |
Как да се справим с целулита |
| Подзаглавни данни |
За супергладка кожа |
| Редно поле (дума) |
Чери Маслън, Линда Бърд; прев. Красимира Матева. |
| 257 ## - Страна на издаване |
| Страна на създаване/издаване |
България |
| 260 ## - Област на издателските данни |
| Място на издаване, разпространение и проч. |
София |
| Име на издателя, разпространителя и проч. |
ИнфоДар |
| Година на издаване |
2008 |
| Печатница |
София : Симолини 94 |
| 300 ## - Физическа характеристика |
| Страници |
348 с. |
| Илюстрации и др. |
с ил. |
| Размери/Мащаб |
22 см |
| 380 ## - Жанр |
| Жанр |
Медицина |
| 490 ## - СЕРИИ (Колекции) |
| Име на серия |
52 брилянтни идеи |
| 9 (RLIN) |
203433 |
| 500 ## - Общи забележки |
| Забележка |
Ориг. загл. Cellulite solutions / Cherry Maslen, Linda Bird |
| 650 #4 - Допълнително описание по предмет – тема |
| Основно описание – тема или топоним |
Целулит - диагностика и лечение |
| 9 (RLIN) |
264792 |
| 650 #4 - Допълнително описание по предмет – тема |
| Основно описание – тема или топоним |
Затлъстяване |
| 9 (RLIN) |
155843 |
| 650 #4 - Допълнително описание по предмет – тема |
| Основно описание – тема или топоним |
Хранене - хигиена |
| 9 (RLIN) |
244313 |
| 650 #4 - Допълнително описание по предмет – тема |
| Основно описание – тема или топоним |
Отслабване [тегло] |
| 9 (RLIN) |
258462 |
| 653 ## - Ключова дума – ненормативна |
| Ключова дума |
целулит |
| 653 ## - Ключова дума – ненормативна |
| Ключова дума |
затлъстяване |
| 653 ## - Ключова дума – ненормативна |
| Ключова дума |
хигиена на храненето |
| 653 ## - Ключова дума – ненормативна |
| Ключова дума |
отслабване |
| 659 ## - Тематичен бюлетин |
| Тематичен бюлетин |
Л |
| 700 1# - Други автори (авторска отговорност) |
| Лично име |
Бърд, Линда |
| Автороска отговорност (Описва отношението между автора и произведението) |
съавт. |
| 9 (RLIN) |
301106 |
| 700 1# - Други автори (авторска отговорност) |
| Лично име |
Матева, Красимира Иванова |
| Дати, свързани с автора |
1962 - |
| 9 (RLIN) |
94117 |
| 852 ## - Местоположение |
| Форматна сигнатура |
Цб 243199 |
| 856 4# - Електронен адрес и достъп |
| Електронен формат |
pdf - файл |
| 856 4# - Електронен адрес и достъп |
| Електронен формат |
pdf - файл |
| 999 ## - СИСТЕМНИ КОНТРОЛНИ НОМЕРА |
| Koha biblionumber |
83737 |
| Koha biblioitemnumber |
83737 |
| 942 ## - АРТИКУЛИ |
| Вид на библиотечния материал |
Книги |
| Скрит в OPAC |
Не |
| Периодичен библиозапис |
Да |
| Koha issues (borrowed), all copies |
2 |
| 944 ## - СЪЗДАВАНЕ И РЕДАКЦИЯ на ЗАПИСА |
| Създаване/Редакция |
Създаване |
| Дата на регистрацията/редакция |
13.03.2009 |
| Служител, извършил регистрацията/редакцията |
30560 |
| Статус, дата на статуса |
Геновева Генчева |
| 944 ## - СЪЗДАВАНЕ И РЕДАКЦИЯ на ЗАПИСА |
| Създаване/Редакция |
Редакция |
| Дата на регистрацията/редакция |
16.11.2011 |
| 999 ## - СИСТЕМНИ КОНТРОЛНИ НОМЕРА |
| Koha biblioitemnumber |
83737 |